000 00423nam a22001697a 4500
005 20160618144657.0
008 160618b xxu||||| |||| 00| 0 eng d
020 _a978-81-317-2737-2
041 _aeng
082 _b8175
100 _aLepak, David and Growan, Mary
_92238
245 _aHuman Resource Management
260 _aDelhi
_bPearson Education
_c2009
300 _a430
650 _aManagement
_9241
942 _cBK
999 _c3129
_d3128